[Event "XXVII Belgrade Trophy"]
[Site "Obrenovac SRB"]
[Date "2013.11.26"]
[Round "3.4"]
[White "Antic,De"]
[Black "Vucinic,G"]
[Result "1-0"]
[WhiteElo "2465"]
[BlackElo "2294"]

1.e4 c5 2.Nf3 d6 3.Bb5+ Nd7 4.c3 a6 5.Ba4 Nf6 6.Qe2 e5 7.O-O Be7 8.d4 b5
9.Bc2 Bb7 10.Rd1 Qc7 11.d5 O-O 12.Nbd2 Ne8 13.Nf1 Nb6 14.Ng3 Bc8 15.b3 g6
16.a4 bxa4 17.bxa4 a5 18.Bh6 Ng7 19.Rdb1 Bd7 20.Nd2 f5 21.exf5 gxf5 22.Nc4 Nxd5
23.Qd2 Qc6 24.Rb5 Be6 25.Nxa5 Rxa5 26.Rxa5 Nc7 27.Rb1 d5 28.Ra7 f4 29.Qd3 e4
30.Nxe4 dxe4 31.Qxe4 Qxe4 32.Bxe4 Bd6 33.Bxg7 Kxg7 34.Rb6 Rd8 35.Rxd6 Rxd6
36.Rxc7+ Kf6 37.h4 h6 38.Rxc5  1-0

[Event "XXVII Belgrade Trophy"]
[Site "Obrenovac SRB"]
[Date "2013.11.27"]
[Round "4.29"]
[White "Rajkovic,Mladen"]
[Black "Mladenovic,St"]
[Result "1/2-1/2"]
[WhiteElo "2073"]
[BlackElo "2274"]

1.e4 c5 2.Nf3 d6 3.Bb5+ Bd7 4.Bxd7+ Qxd7 5.O-O Nc6 6.Qe2 Nf6 7.Rd1 Rc8 8.c3 e6
9.d4 cxd4 10.cxd4 d5 11.e5 Ne4 12.Nbd2 Nxd2 13.Bxd2 Be7 14.Bc3 O-O 15.Ne1 f6
16.exf6 Rxf6 17.Nd3 Rcf8 18.f4 Bd6 19.g3 h6 20.Qh5 Kh7 21.Rf1 g6 22.Qh3 Qf7
23.Rfe1 b6 24.Re2 Kg7 25.Rae1 Re8 26.b4 Nd8 27.Bd2 h5 28.b5 Qd7 29.Rb1 Nf7
30.Be3 Rc8 31.Qf1 Nh6 32.Qd1 Nf5 33.Bf2 Rff8 34.a4 Rc4 35.Nb2 Rc7 36.Rc1 Rfc8
37.Rcc2 Be7 38.Nd3 Bf6 39.Nb4 Rxc2 40.Rxc2 Rxc2 41.Nxc2 Qc7 42.Qd3 Nd6 43.Nb4 Qc1+
44.Kg2 Ne4 45.Qc2 Qa1 46.Nc6 Nxf2 47.Kxf2 Bxd4+ 48.Ke2 Bf6 49.Nxa7 Qg1 50.Kd3 Qd4+
51.Ke2 Qg1 52.Kd3 d4 53.Nc6 Qe3+ 54.Kc4 Qa3 55.Nb4 Qf3 56.Qd3  1/2-1/2

[Event "XXVII Belgrade Trophy"]
[Site "Obrenovac SRB"]
[Date "2013.11.27"]
[Round "4.12"]
[White "Stamatovic,A"]
[Black "Cabrilo,G"]
[Result "1/2-1/2"]
[WhiteElo "2156"]
[BlackElo "2404"]

1.e4 c5 2.Nf3 d6 3.Bb5+ Nd7 4.O-O Nf6 5.Re1 a6 6.Bf1 b6 7.d4 cxd4 8.Nxd4 Bb7
9.Nc3 e6 10.Nd5 g6 11.Nxf6+ Nxf6 12.Bg5 Bg7 13.f4 Qc7 14.Bxf6 Bxf6 15.c3 O-O
16.Qd2 e5 17.Nf3 exf4 18.Qxf4 Kg7 19.Rad1 Rad8 20.Rd2 Be5 21.Qe3 Rfe8 22.Nxe5 Rxe5
23.Qf2 Rde8 24.Red1 R8e6 25.Bd3 a5 26.Qd4 Kg8 27.Re2 d5 28.Rf2 dxe4 29.Bc4 e3
30.Re2 Re8 31.Rd3 b5 32.Bb3 a4 33.Bc2 Rd5 34.Qa7 Rxd3 35.Bxd3 Qc6 36.Qd4 Re6
37.b3 axb3 38.axb3 h5 39.c4 bxc4 40.bxc4 Re8 41.h4 Re7 42.c5 Re6 43.Bc2 Kh7
44.Qf4 Rf6 45.Qxe3  1/2-1/2

[Event "Pushchino Autumn 2013"]
[Site "Pushchino RUS"]
[Date "2013.11.27"]
[Round "4.3"]
[White "Rodionova,Polina"]
[Black "Tarasova,Viktoriy"]
[Result "1-0"]
[WhiteElo "2095"]
[BlackElo "2286"]

1.e4 c5 2.Nf3 d6 3.Bb5+ Nd7 4.O-O a6 5.Bd3 Ngf6 6.c3 e5 7.Bc2 Be7 8.Re1 b5
9.d4 O-O 10.Nbd2 Bb7 11.Nf1 Re8 12.Ng3 Bf8 13.d5 c4 14.a4 g6 15.h3 Bg7 16.Bg5 h6
17.Be3 Nc5 18.Qd2 Kh7 19.Nh2 Qe7 20.Ra3 Rab8 21.Rea1 Bc8 22.axb5 axb5 23.Kh1 Bb7
24.Ra5 Ra8 25.Qc1 Qd7 26.Nf3 Ng8 27.Nd2 Rec8 28.R1a3 Nf6 29.Qa1 Qe8 30.Ra7 Nfd7
31.Nb1 Rcb8 32.R3a5 Rxa7 33.Rxa7 Nb6 34.Qa3 Bf8 35.Qb4 Bc8 36.Na3 Bd7 37.Qa5 Be7
38.f4 Bd8 39.Qb4 Nc8 40.Nxc4 Nxa7 41.Nxd6 Qe7 42.Bxc5 Bb6 43.Bxb6 Rxb6 44.fxe5 Ra6
45.Qd4 f6 46.exf6 Qxd6 47.e5 Qf8 48.e6 Be8 49.Ne4 Qh8 50.Qc5 Qg8 51.Qe7+ Kh8
52.f7  1-0

[Event "ch-IRI 2013"]
[Site "Tabriz IRI"]
[Date "2013.11.27"]
[Round "1.4"]
[White "Vaghar,M"]
[Black "Idani,P"]
[Result "0-1"]
[WhiteElo "2247"]
[BlackElo "2483"]

1.e4 c5 2.Nf3 d6 3.Bb5+ Bd7 4.Bxd7+ Qxd7 5.O-O Nf6 6.e5 dxe5 7.Nxe5 Qc8 8.Qf3 Nbd7
9.Nxd7 Qxd7 10.b3 g6 11.Bb2 Bg7 12.d3 O-O 13.Nd2 Nd5 14.Bxg7 Kxg7 15.a3 e5
16.Rfe1 f6 17.Nf1 Rad8 18.Ne3 Nf4 19.b4 Ne6 20.bxc5 Nxc5 21.Qg4 Qxg4 22.Nxg4 Rd4
23.f3 b5 24.Rab1 a6 25.Rb4 Ne6 26.Rxd4 Nxd4 27.c3 Nf5 28.Kf2 Rc8 29.Rc1 Nd4
30.Ne3 Nb3 31.Rc2 Rd8 32.Ke2 a5 33.Nd1 b4 34.axb4 axb4 35.Ke3 Rc8 36.c4 Ra8
37.Rb2 Nd4 38.Kd2 Ra4 39.Ne3 b3 40.Nd1 Ra2 41.Kc1 Ra1+ 42.Rb1 Ne2+ 43.Kb2 Rxb1+
44.Kxb1 Nf4 45.Kb2 Nxg2 46.Kxb3 Ne1 47.c5 Nxf3 48.Kc4 Kf7 49.Kd5 Ke7 50.Kc6 Nd4+
51.Kb7 Ne6 52.Kc6 Nf4 53.Nf2 f5 54.Kb7 Ne6 55.Kc6 g5 56.Kd5 Kf6 57.c6 h5
58.Nd1 g4 59.Nc3 h4 60.Ne2 f4 61.Kd6 g3 62.hxg3 fxg3 63.Ng1 g2 64.Nh3 Nd4
65.Kd5 Ne6 66.Kd6 Nf4 67.Ng1 Kf5  0-1

[Event "ch-IRI 2013"]
[Site "Tabriz IRI"]
[Date "2013.11.28"]
[Round "3.1"]
[White "Golizadeh,A"]
[Black "Noroozi,O"]
[Result "1-0"]
[WhiteElo "2500"]
[BlackElo "2372"]

1.e4 c5 2.Nf3 d6 3.Bb5+ Bd7 4.Bxd7+ Qxd7 5.O-O Nc6 6.Re1 Nf6 7.c3 e6 8.d4 cxd4
9.cxd4 d5 10.e5 Ne4 11.Nbd2 Nxd2 12.Bxd2 Be7 13.Rc1 O-O 14.Rc3 f5 15.exf6 Bxf6
16.Rd3 Qf7 17.Bc3 b5 18.Re2 b4 19.Be1 a5 20.a3 Rfe8 21.g3 Qa7 22.Kg2 Qb6
23.h4 Rac8 24.Qd2 Qa7 25.Qf4 Qb8 26.Qg4 bxa3 27.bxa3 Qb5 28.Rde3 Nd8 29.h5 Rc4
30.h6 g6 31.Ne5 Bxe5 32.Rxe5 Qb6 33.Rxd5 Qc6 34.Qe4 a4 35.Qe5 Qb7 36.Kh2 Nc6
37.Qe4 Re7 38.Rd6 Qc7 39.Rxe6 Rxd4 40.Qc2 Rh4+ 41.Kg1 Qd7 42.Qa2 Kf8 43.Rf6+  1-0

[Event "9th Ugra Governor's Cup"]
[Site "Khanty-Mansiysk RUS"]
[Date "2013.11.29"]
[Round "2.15"]
[White "Onischuk,V"]
[Black "Sharafiev,A"]
[Result "1/2-1/2"]
[WhiteElo "2591"]
[BlackElo "2403"]

1.e4 c5 2.Nf3 d6 3.Bb5+ Bd7 4.Bxd7+ Nxd7 5.O-O Ngf6 6.Re1 e6 7.c3 Be7 8.d4 cxd4
9.cxd4 d5 10.e5 Ne4 11.Nbd2 Nxd2 12.Qxd2 O-O 13.Qf4 Rc8 14.Qg4 Kh8 15.Re3 Rc6
16.Bd2 f5 17.exf6 Nxf6 18.Qh3 Ne4 19.Rxe4 dxe4 20.Ne5 Rf5 21.Nxc6 bxc6 22.Qb3 Rd5
23.Be3 Bf6 24.Re1 h6 25.h3 Bxd4 26.Bxd4 Rxd4 27.Qxe6 Qd5 28.Qe8+ Kh7 29.b3 a5
30.Rc1 Rd1+ 31.Rxd1 Qxd1+ 32.Kh2 Qd6+ 33.g3 Qd4 34.Qf7 Qd2 35.Qf5+ Kh8 36.Qc8+ Kh7
37.Qf5+ Kh8 38.Qxe4 Qxa2 39.Qe8+ Kh7 40.Qe4+ Kh8 41.Qe8+  1/2-1/2

[Event "9th Ugra Governor's Cup"]
[Site "Khanty-Mansiysk RUS"]
[Date "2013.11.29"]
[Round "2.19"]
[White "Pasiev,R"]
[Black "Jumabayev,R"]
[Result "1/2-1/2"]
[WhiteElo "2405"]
[BlackElo "2561"]

1.e4 c5 2.Nf3 d6 3.Bb5+ Nd7 4.O-O Nf6 5.Re1 a6 6.Bf1 b6 7.c3 Bb7 8.d3 e5
9.Nbd2 Be7 10.d4 cxd4 11.cxd4 exd4 12.Nxd4 O-O 13.b3 Re8 14.Bb2 Bf8 15.Nf5 g6
16.Ng3 h5 17.Nf3 Bg7 18.Qxd6 Nxe4 19.Nxe4 Bxb2 20.Bc4 Bxe4 21.Rxe4 Ne5 22.Qxd8 Raxd8
23.Rae1 b5 24.Bf1 Nxf3+ 25.gxf3 Rxe4 26.fxe4 Be5 27.a4 bxa4 28.bxa4 a5 29.Bc4 Rd4
30.Bb5 Kg7 31.Kg2 Kf6 32.h4 Rb4 33.Kf3 Bd4 34.Kg3 Be5+ 35.Kf3 Bd4 36.Kg3 Rb3+
37.Kg2 Ke5 38.Bc4 Rb6 39.Kg3 Rc6 40.Bb5 Rc3+ 41.f3 Ke6 42.Re2 Be5+ 43.Kg2 Bf4
44.Be8 Rc8 45.Bb5 Ke5 46.Ba6 Rc1 47.Bb7 Rc4 48.Bd5 Rxa4 49.Bxf7 Kf6 50.Be8 Rc4
51.Rb2 Bc7 52.Kf2 Rc3 53.Rb7 Ke5 54.Bxg6 Kf4 55.Ke2 a4 56.Bxh5 a3 57.Ra7 Be5
58.Bg4 Rb3 59.Be6 Re3+ 60.Kd2 Bc3+ 61.Kc2 Bd4 62.Rf7+ Kg3 63.h5 Rxf3 64.Rxf3+ Kxf3
65.Bd5 Kg4 66.h6  1/2-1/2

[Event "9th Ugra Governor's Cup"]
[Site "Khanty-Mansiysk RUS"]
[Date "2013.11.29"]
[Round "2.22"]
[White "Kabanov,N"]
[Black "Sarana,A"]
[Result "1-0"]
[WhiteElo "2477"]
[BlackElo "2261"]

1.e4 c5 2.Nf3 d6 3.Bb5+ Nd7 4.O-O a6 5.Bd3 Ngf6 6.b3 b5 7.Bb2 Bb7 8.Re1 e5
9.c3 Be7 10.Bc2 O-O 11.d4 Qc7 12.Nbd2 Rad8 13.a4 Rfe8 14.axb5 axb5 15.Bd3 b4
16.d5 Ra8 17.Qe2 bxc3 18.Bxc3 Rxa1 19.Rxa1 Ra8 20.Rxa8+ Bxa8 21.Nc4 Qa7 22.Nfd2 Ne8
23.Nb1 f5 24.f3 fxe4 25.fxe4 Nb6 26.Qf2 Nxc4 27.Bxc4 Nf6 28.Nd2 Qd7 29.h3 g6
30.Qe3 Kg7 31.Be2 Bb7 32.Nc4 Qd8 33.b4 cxb4 34.Bxb4 Qc7 35.Bd3 Bc8 36.Qb6 Qxb6+
37.Nxb6 Bd7 38.Kf2 Kf7 39.Ke3 h6 40.Ba6 g5 41.Bb7 g4 42.h4 Bb5 43.Nc8 Ne8
44.g3 h5 45.Bc6 Ba6 46.Nxe7 Kxe7 47.Bxe8 Kxe8 48.Bxd6 Bf1 49.Bxe5 Bg2 50.Bf4 Ke7
51.Kd4 Kf6 52.Bg5+ Kf7 53.e5  1-0

[Event "9th Ugra Governor's Cup"]
[Site "Khanty-Mansiysk RUS"]
[Date "2013.11.29"]
[Round "2.4"]
[White "Artemiev,V"]
[Black "Kokarev,Dm"]
[Result "1/2-1/2"]
[WhiteElo "2570"]
[BlackElo "2631"]

1.e4 c5 2.Nf3 d6 3.Bb5+ Bd7 4.c4 Nf6 5.Nc3 g6 6.d4 cxd4 7.Nxd4 Bg7 8.O-O O-O
9.Bxd7 Nfxd7 10.Be3 Nc6 11.Rc1 Qa5 12.Nd5 Rae8 13.a3 Nf6 14.b4 Qxa3 15.Nxc6 Nxd5
16.cxd5 bxc6 17.dxc6 Qxb4 18.Qd5 e6 19.Qd3 Rc8 20.Rfd1 Be5 21.f4 Bb2 22.Rc4 Qa3
23.Qxa3 Bxa3 24.Bxa7 Ra8 25.Be3 Rfc8 26.Kf2 Kf8 27.g4 Rab8 28.Rd3 Ra8 29.Rc2 Ke8
30.Kf3 Bb4 31.Rb3 Ba5 32.f5 Bd8 33.Rb7 Ra3 34.fxe6 Bg5 35.exf7+ Kf8 36.Re2 Rxc6
37.h4 Bxe3 38.Rxe3 Rxe3+ 39.Kxe3 Rc5 40.g5 Rc1 41.Kd4 Rd1+ 42.Kc4 Kg7 43.f8=Q+ Kxf8
44.Rxh7 Rd2 45.Rd7 Rd1 46.Kc3 Re1 47.Kd4 Rd1+ 48.Kc4 Kg8 49.Kc3 Kf8 50.e5 Rc1+
51.Kd2 Rc4 52.Rxd6 Kf7 53.Rf6+ Kg7 54.e6 Rxh4 55.Rf7+ Kg8 56.Rf3 Ra4 57.e7 Ra8
58.Kd3 Re8 59.Re3 Kf7 60.Kd4 Ra8 61.e8=Q+ Rxe8 62.Rxe8 Kxe8 63.Ke4 Kd8 64.Kd4 Ke8
65.Kc5 Ke7  1/2-1/2

[Event "Pushchino Autumn 2013"]
[Site "Pushchino RUS"]
[Date "2013.11.30"]
[Round "7.1"]
[White "Rodionova,Polina"]
[Black "Charochkina,D"]
[Result "0-1"]
[WhiteElo "2095"]
[BlackElo "2337"]

1.e4 c5 2.Nf3 d6 3.Bb5+ Nc6 4.Bxc6+ bxc6 5.O-O e5 6.c3 f5 7.exf5 Be7 8.d4 e4
9.dxc5 exf3 10.Qxf3 d5 11.Qh5+ Kf8 12.b4 Nf6 13.Qf3 Qd7 14.g4 h5 15.g5 Ne8
16.Re1 Qxf5 17.Qxf5+ Bxf5 18.Bf4 g6 19.Nd2 Ng7 20.h4 Bg4 21.c4 Rd8 22.cxd5 Rxd5
23.Nc4 Nf5 24.Ne5 Nxh4 25.Re3 Rg8 26.Kh1 Rd4 27.Bg3 Be6 28.Ra3 Bd5+ 29.Kg1 Nf5
30.Rxa7 Nxg3 31.fxg3 Bxg5 32.Rf1+ Ke8 33.Re1 Kd8 34.Rd7+ Kc8 35.Nxc6 Be3+
36.Rxe3 Rd1+ 37.Kf2 Kxd7 38.Ne5+ Kc7 39.a4 Rf8+ 40.Ke2 Rff1  0-1

[Event "ch-IRI 2013"]
[Site "Tabriz IRI"]
[Date "2013.11.30"]
[Round "5.18"]
[White "Vaghar,M"]
[Black "Shamsi,Mohammadho"]
[Result "1/2-1/2"]
[WhiteElo "2247"]
[BlackElo "2248"]

1.e4 c5 2.Nf3 d6 3.Bb5+ Bd7 4.Bxd7+ Qxd7 5.O-O Nc6 6.c3 Nf6 7.Re1 g6 8.d4 cxd4
9.cxd4 Bg7 10.Nc3 O-O 11.Qe2 d5 12.e5 Ne8 13.Be3 Nc7 14.Rad1 Ne6 15.Qd2 Rad8
16.Bh6 f6 17.Bxg7 Kxg7 18.Qe3 f5 19.Ng5 f4 20.Nxe6+ Qxe6 21.Qf3 h5 22.Rd3 Qf5
23.Red1 Rd7 24.a3 Kh6 25.Nxd5 g5 26.Nb4 Nxb4 27.axb4 Rfd8 28.g3 Kg6 29.Kg2 g4
30.Qxf4 Qxf4 31.gxf4 e6 32.d5 Rxd5 33.Rxd5 exd5 34.Rd4 Kf5 35.h3 gxh3+ 36.Kxh3 Rd7
37.Kg3 Ke6 38.Kf3 Rh7 39.Rd1 h4 40.Kg4 h3 41.Re1 h2 42.f5+ Kf7 43.Rh1 d4
44.Kf4 Rh4+ 45.Kg5 Rh8 46.Kf4 Rh4+ 47.Kf3 Rh3+ 48.Ke2 Ke7 49.b5 b6 50.f3 Kd7
51.Kd3 Rxf3+ 52.Kxd4 Rf2 53.b3 Re2 54.Kd5 Rd2+ 55.Ke4 Ke7 56.Ra1 Ra2 57.Rh1 Rd2
58.Ke3 Rb2 59.b4 Ra2 60.Kf3 Rb2 61.Kg3 Re2 62.Rxh2 Rxe5 63.Kf4 Rxb5 64.Kg5 Rxb4
65.Rh7+ Kd6 66.Rxa7 Rb1 67.Kg6 Rg1+ 68.Kf7 b5 69.f6 b4 70.Ra5 Kc6 71.Ra8 Kc5
72.Ke7 Re1+ 73.Kf8 Kc4 74.Rc8+ Kd3 75.Rb8 Kc3 76.f7 b3 77.Re8 Rf1 78.Re3+ Kc2
79.Re2+ Kc3 80.Ke8 Rxf7 81.Kxf7 b2 82.Rxb2  1/2-1/2

[Event "Cultural Village 2013"]
[Site "Wijk aan Zee NED"]
[Date "2013.11.30"]
[Round "3.5"]
[White "Van Foreest,Jorden"]
[Black "Pijpers,A"]
[Result "1/2-1/2"]
[WhiteElo "2330"]
[BlackElo "2366"]

1.e4 c5 2.Nf3 d6 3.Bb5+ Bd7 4.Bxd7+ Qxd7 5.c4 g6 6.O-O Bg7 7.d4 cxd4 8.Nxd4 Nf6
9.Nc3 O-O 10.h3 Rc8 11.b3 d5 12.exd5 Nxd5 13.Nxd5 e6 14.Bh6 exd5 15.Bxg7 Kxg7
16.Nb5 dxc4 17.Nd6 Rd8 18.Nxc4 Nc6 19.Re1 Qxd1 20.Raxd1 Rxd1 21.Rxd1 Rd8
22.Rxd8 Nxd8 23.Kf1 Kf6 24.Ke2 Ke6 25.Kd3 Nc6 26.Ke4 f5+ 27.Kf4 h6 28.h4 Nb4
29.a3 Nd5+ 30.Kf3 g5 31.g3  1/2-1/2

[Event "TCh-AUT 2nd West 2013-14"]
[Site "Austria AUT"]
[Date "2013.12.01"]
[Round "5.4"]
[White "Gruber,Mic"]
[Black "Durakovic,A"]
[Result "0-1"]
[WhiteElo "2194"]
[BlackElo "2305"]

1.e4 c5 2.Nf3 d6 3.Bb5+ Nc6 4.d4 cxd4 5.Qxd4 Bd7 6.Bxc6 Bxc6 7.Nc3 Nf6 8.Bg5 e6
9.O-O-O Be7 10.Qd3 O-O 11.Nd4 Qa5 12.f4 Rac8 13.Rhe1 a6 14.e5 dxe5 15.fxe5 Nd5
16.Bxe7 Nxe7 17.Qh3 Ng6 18.Qg3 Rfd8 19.h4 Qc5 20.Nxc6 Rxd1+ 21.Rxd1 bxc6
22.Re1 Rb8 23.h5 Ne7 24.Ne4 Qa5 25.h6 Ng6 26.hxg7 Qxa2 27.Qc3 Kxg7 28.b3 Qa3+
29.Kd1 Qb4 30.Qe3 Rd8+ 31.Nd6 Qg4+ 32.Kc1 Qxg2 33.Rg1 Qd5 34.Qg5 Rf8 35.Qh5 Qd4
36.Qg5 Qa1+ 37.Kd2 Qd4+ 38.Kc1 Qf2 39.Rg2 Qf1+ 40.Kb2 h6 41.Qg3 Kh8 42.Rf2 Qe1
43.Nc4 Qe4 44.Rh2 Kg7 45.Rg2 Kh7 46.Rh2 Qf4  0-1

[Event "TCh-CZE Extraliga 2013-14"]
[Site "Poruba CZE"]
[Date "2013.12.01"]
[Round "4.6"]
[White "Klima,L"]
[Black "Vokac,M"]
[Result "1/2-1/2"]
[WhiteElo "2342"]
[BlackElo "2427"]

1.e4 c5 2.Nf3 d6 3.Bb5+ Bd7 4.Bxd7+ Qxd7 5.O-O Nc6 6.c3 Nf6 7.Re1 e6 8.d4 cxd4
9.cxd4 d5 10.e5 Ne4 11.Nbd2 Nxd2 12.Bxd2 Be7 13.Bg5 O-O 14.Bxe7 Nxe7 15.Rc1  1/2-1/2

[Event "Pushchino Autumn 2013"]
[Site "Pushchino RUS"]
[Date "2013.12.02"]
[Round "9.8"]
[White "Dyakonova,Ekaterina"]
[Black "Usacheva,Glafira"]
[Result "1-0"]
[WhiteElo "1928"]
[BlackElo "1528"]

1.e4 c5 2.Nf3 d6 3.Bb5+ Bd7 4.Bxd7+ Qxd7 5.c4 Nc6 6.O-O e6 7.d4 cxd4 8.Nxd4 Nf6
9.Nc3 Be7 10.Be3 O-O 11.b3 Rac8 12.Rc1 Nxd4 13.Bxd4 a6 14.Qe2 Qc6 15.f3 Rfe8
16.Be3 Nd7 17.g4 Bf8 18.Kh1 g6 19.Rg1 Bg7 20.Rg3 Nf8 21.Rh3 f5 22.Bh6 Bxh6
23.Rxh6 fxg4 24.fxg4 Qc5 25.Rh3 Rc7 26.Qe3 Qxe3 27.Rxe3 Nd7 28.Rd1 Ne5 29.h3 Rf7
30.Rxd6 Ref8 31.Rd2 Rf3 32.Rde2 Nc6 33.Na4 Nd4 34.Rxf3 Rxf3 35.Rd2 Rxh3+
36.Kg2 Rh2+ 37.Kxh2 Nf3+ 38.Kg3 Nxd2 39.Kf4 b5 40.c5 Kf7 41.Nb6 Ke7 42.g5 Nb1
43.Ke5 Nd2 44.Kf4 Kd8 45.b4 Nb1 46.Ke5 Ke7 47.c6 Kd8 48.Kd6  1-0

[Event "9th Ugra Governor's Cup"]
[Site "Khanty-Mansiysk RUS"]
[Date "2013.12.03"]
[Round "6.5"]
[White "Pridorozhni,A"]
[Black "Kokarev,Dm"]
[Result "1/2-1/2"]
[WhiteElo "2517"]
[BlackElo "2631"]

1.e4 c5 2.Nf3 d6 3.Bb5+ Bd7 4.Bxd7+ Qxd7 5.O-O Nf6 6.Re1 Nc6 7.b3 g6 8.c3 Rc8
9.d4 cxd4 10.cxd4 d5 11.e5 Ne4 12.Ng5 Bg7 13.Nxe4 dxe4 14.Bb2 Nb4 15.Bc3 Nd5
16.Bb2 Nb4 17.Bc3 Nd5 18.Bb2  1/2-1/2

[Event "Moscow Cup Final 2013"]
[Site "Moscow RUS"]
[Date "2013.12.03"]
[Round "2.4"]
[White "Erzhanov,A"]
[Black "Karpov,Va"]
[Result "0-1"]
[WhiteElo "2325"]
[BlackElo "2359"]

1.e4 c5 2.Nf3 d6 3.Bb5+ Nc6 4.O-O Bd7 5.c3 Nf6 6.Re1 a6 7.Bxc6 Bxc6 8.d4 Bxe4
9.Bg5 Bd5 10.Nbd2 e6 11.c4 Bxf3 12.Qxf3 cxd4 13.Bxf6 gxf6 14.Qxb7 Qc8 15.Qd5 Be7
16.Qxd4 Qc5 17.Qd3 f5 18.Nb3 Qb6 19.Qg3 Bf6 20.Qf3 O-O 21.Rad1 Bxb2 22.Qg3+ Kh8
23.Rxd6 Qb4 24.Re2 a5 25.Qd3 Bf6 26.Rc2 Be5 27.Rd2 Qxd6 28.Qxd6 Bxd6 29.Rxd6 Rfd8
30.c5 Rxd6 31.cxd6 Rd8 32.Nxa5 Rxd6 33.g3 Ra6 34.Nc4 Rxa2 35.Kg2 Kg7 36.Kf3 Kf6
37.Ne3 Ke5 38.Nc4+ Kd5 39.Ne3+ Kd4 40.h4 f6 41.h5 Ra3 42.Kf4 Rxe3 43.fxe3+ Kd5
44.h6 Kd6  0-1

[Event "IV JAHV McGregor 2013"]
[Site "Bogota COL"]
[Date "2013.12.04"]
[Round "1.53"]
[White "Ricciulli Vargas,Roberth Eliece"]
[Black "Ramirez,Hei"]
[Result "1/2-1/2"]
[WhiteElo "1740"]
[BlackElo "2127"]

1.e4 c5 2.Nf3 d6 3.Bb5+ Bd7 4.Bxd7+ Qxd7 5.c4 g6 6.d4 cxd4 7.Nxd4 Bg7 8.O-O Nf6
9.Nc3 O-O 10.f3 Rc8 11.b3 Nc6 12.Be3 a6 13.Rc1 h5 14.Na4 Qd8 15.Qd2 Ne5 16.Nc3 Qa5
17.Rfd1 Rab8 18.a4 Ned7 19.Bh6 Qb6 20.Bxg7 Kxg7 21.Nd5 Qd8 22.Qg5 e6 23.Nf4 Nf8
24.e5 N6h7 25.Nxh5+ Kh8 26.Qxd8 Rxd8 27.Nf6 Nxf6 28.exf6 Nd7 29.Nxe6 fxe6
30.Rxd6 Nf8 31.Rcd1 Rxd6 32.Rxd6 Kg8 33.g4 g5 34.f4 gxf4 35.g5 Kf7 36.Kf2 Kg6
37.h4 e5  1/2-1/2

[Event "IV JAHV McGregor 2013"]
[Site "Bogota COL"]
[Date "2013.12.05"]
[Round "3.25"]
[White "Arribas Robaina,M"]
[Black "Hernandez Agamez,Hugo"]
[Result "0-1"]
[WhiteElo "2314"]
[BlackElo "2029"]

1.e4 c5 2.Nf3 d6 3.Bb5+ Nc6 4.O-O Bd7 5.Re1 g6 6.c3 Bg7 7.d4 cxd4 8.cxd4 Qb6
9.Nc3 e6 10.Be3 Qa5 11.Qe2 a6 12.Bxc6 bxc6 13.Nd2 Ne7 14.Nc4 Qc7 15.Bf4 Nc8
16.Qe3 O-O 17.Rad1 f6 18.h3 Rd8 19.Qg3 Be8 20.e5 fxe5 21.dxe5 d5 22.Nd2 Ne7
23.Bg5 Rdb8 24.Bxe7 Qxe7 25.b3 c5 26.Nf3  0-1

[Event "ch-IRI 2013"]
[Site "Tabriz IRI"]
[Date "2013.12.05"]
[Round "11.6"]
[White "Behmardi,K"]
[Black "Darini,P"]
[Result "1/2-1/2"]
[WhiteElo "2276"]
[BlackElo "2540"]

1.e4 c5 2.Nf3 d6 3.Bb5+ Nd7 4.d4 cxd4 5.Qxd4 a6 6.Bxd7+ Bxd7 7.O-O e5 8.Qd3 h6
9.a4 Nf6 10.c4 b5 11.b3 Be7 12.Nc3 O-O 13.axb5 axb5 14.Rxa8 Qxa8 15.cxb5 Rb8
16.Be3 Bxb5 17.Nxb5 Qa6 18.Nd2 Qxb5 19.Qxb5 Rxb5 20.Ra1 d5 21.exd5 Nxd5 22.Kf1 f5
23.Ke2 e4 24.Bd4 Nf4+ 25.Kf1 Rd5 26.Be3 Ne6 27.g3 g5 28.Ra6 Kf7  1/2-1/2

[Event "IV JAHV McGregor 2013"]
[Site "Bogota COL"]
[Date "2013.12.06"]
[Round "4.59"]
[White "Santoyo Silva,Sergio Julian"]
[Black "Becerra,J"]
[Result "0-1"]
[WhiteElo "1879"]
[BlackElo "2221"]

1.e4 c5 2.Nf3 d6 3.Bb5+ Nd7 4.O-O Nf6 5.Re1 a6 6.Bf1 g6 7.c3 Bg7 8.d3 O-O
9.Bg5 h6 10.Be3 e5 11.h3 d5 12.Bd2 Re8 13.a4 c4 14.exd5 cxd3 15.Be3 e4 16.Nd4 Nxd5
17.Nd2 Kh7 18.g4 Nf8 19.Bg2 f5 20.gxf5 gxf5 21.f4 Nxe3 22.Rxe3 Bxd4 23.cxd4 Qxd4  0-1

[Event "IV JAHV McGregor 2013"]
[Site "Bogota COL"]
[Date "2013.12.06"]
[Round "5.33"]
[White "Arribas Robaina,M"]
[Black "Vargas,Pedro"]
[Result "1-0"]
[WhiteElo "2314"]
[BlackElo "2044"]

1.e4 c5 2.Nf3 d6 3.Bb5+ Bd7 4.Bxd7+ Nxd7 5.O-O e6 6.c4 Ngf6 7.Nc3 Be7 8.d3 O-O
9.Bg5 a6 10.Qe2 Qc7 11.Nd2 Rfe8 12.f4 h6 13.Bxf6 Bxf6 14.Rae1 Rab8 15.f5 b5
16.fxe6 fxe6 17.Qh5 Rf8 18.Qh3 Rfe8 19.Re2 b4 20.Nd1 Nf8 21.Nf3 Nh7 22.Nf2 Ng5
23.Nxg5 Bxg5 24.e5 d5 25.Qg4 Qe7 26.g3 d4 27.Ne4 Rf8 28.Ree1 Be3+ 29.Kg2 Kh8
30.Qg6 a5 31.h4 a4 32.b3 axb3 33.axb3 Ra8 34.Ra1 Ra3 35.Kh3 Qe8 36.Qxe8 Rxe8
37.Nxc5 Rea8 38.Rab1 Ra2 39.Rf7 Rd2 40.Rbf1 Raa2 41.Kg4 Rg2 42.Nxe6 h5+ 43.Kf3 Rgb2
44.Ke4 Rxb3 45.R1f5 Bh6 46.Nxd4 Rba3 47.e6 Ra8 48.Rf8+ Kh7 49.e7 b3 50.Nxb3 g6
51.R5f7+ Bg7 52.Nd4 Kh6 53.Rxg7  1-0

[Event "6th Kolkata Open"]
[Site "Kolkata IND"]
[Date "2013.12.06"]
[Round "1.15"]
[White "Arindam,M"]
[Black "Das,Arg"]
[Result "0-1"]
[WhiteElo "2224"]
[BlackElo "2472"]

1.e4 c5 2.Nf3 d6 3.Bb5+ Nc6 4.O-O Bd7 5.c4 g6 6.Nc3 Bg7 7.d3 Nf6 8.Bd2 O-O
9.Nd5 Ne8 10.Bc3 e6 11.Bxg7 Nxg7 12.Nc3 e5 13.Bxc6 bxc6 14.Qd2 f5 15.Qh6 Ne6
16.h4 Qe7 17.Ng5 Nd4 18.Rae1 f4 19.f3 Qg7 20.Qxg7+ Kxg7 21.Kf2 h6 22.Nh3 Kf6
23.g4 fxg3+ 24.Kxg3 Bxh3 25.Kxh3 Kg7 26.Kg3 Rf6 27.Rf2 Raf8 28.Ref1 Ne6 29.Ne2 Rb8
30.b3 Rbf8 31.Rh2 h5 32.Rhf2 a5 33.Ng1 Nf4 34.Rd2 Kh6 35.Ne2 Ne6 36.Ng1 g5
37.hxg5+ Nxg5 38.Rdf2 Ne6 39.Ne2 Kg5 40.Rh2 R8f7 41.Kg2 Kg6 42.Kg3 Rf8  0-1

[Event "34th El Corte Ingles"]
[Site "Las Palmas ESP"]
[Date "2013.12.06"]
[Round "5.7"]
[White "Sanchez Quintero,R"]
[Black "Santana Montjoy,J"]
[Result "1-0"]
[WhiteElo "2108"]
[BlackElo "1740"]

1.e4 c5 2.Nf3 d6 3.Bb5+ Bd7 4.Bxd7+ Nxd7 5.O-O Ngf6 6.Re1 g6 7.d4 cxd4 8.Qxd4 Bg7
9.Nc3 O-O 10.h3 Nb6 11.Rb1 Rc8 12.Qe3 Nfd7 13.Re2 Nc5 14.Nd5 Nc4 15.Qg5 Re8
16.Qh4 Nb6 17.Bg5 Nxd5 18.exd5 f6 19.Bh6 e5 20.dxe6 Rxe6 21.Rxe6 Nxe6 22.Bxg7 Kxg7
23.Qe4 Nc5 24.Qd5 Qd7 25.Rd1 Rd8 26.Nd4 a6 27.b4 Qf7 28.Qf3 Na4 29.Qb3 Qxb3
30.cxb3 Nc3 31.Rc1 Rc8 32.Kf1  1-0

[Event "IV JAHV McGregor 2013"]
[Site "Bogota COL"]
[Date "2013.12.07"]
[Round "6.32"]
[White "Perez Garcia,Rodn"]
[Black "Vargas,M"]
[Result "1-0"]
[WhiteElo "2371"]
[BlackElo "2033"]

1.e4 c5 2.Nf3 d6 3.Bb5+ Nd7 4.d4 cxd4 5.Qxd4 Nf6 6.c4 a6 7.Bxd7+ Bxd7 8.O-O e5
9.Qd3 Bc6 10.Nc3 h6 11.a4 Rc8 12.b3 g5 13.Ba3 Nd7 14.Rfd1 g4 15.Ne1 Nc5 16.Bxc5 dxc5
17.Qg3 Qg5 18.Nd5 Be7 19.Nxe7 Kxe7 20.Nd3 f6 21.Nxc5 a5 22.b4 b6 23.b5 Bxb5
24.Nb7 Bxc4 25.Qa3+ Ke6 26.Rac1 Qg8 27.Qd6+ Kf7 28.Qd7+ Kg6 29.Qxg4+ Kh7
30.Qf5+  1-0

[Event "5th Classic Open 2013"]
[Site "London ENG"]
[Date "2013.12.07"]
[Round "1.61"]
[White "Woong,Zhi Wei William"]
[Black "Sreeves,C"]
[Result "1/2-1/2"]
[WhiteElo "1837"]
[BlackElo "2251"]

1.e4 c5 2.Nf3 d6 3.Bb5+ Nd7 4.O-O a6 5.Bxd7+ Bxd7 6.Re1 g6 7.c3 Bg7 8.d4 cxd4
9.cxd4 Bg4 10.Nbd2 Nf6 11.h3 Bxf3 12.Nxf3 O-O 13.e5 dxe5 14.dxe5 Nd5 15.e6 fxe6
16.Rxe6 Qd7 17.Re1 Rf5 18.Bg5 Qb5 19.a4 Qxb2 20.Rb1 Qa2 21.Rxb7 Re8 22.Rd7 Nc3
23.Qd3 Rd5 24.Rxd5 Qxd5 25.Qxd5+ Nxd5 26.Re6 a5 27.Bd2 Nc3 28.Bxc3 Bxc3 29.Ne5 Rb8
30.Nc6 Rb1+ 31.Kh2 Ra1 32.Re4 Bb4 33.Nxb4 Rxa4 34.Rxe7 Rxb4 35.Ra7 a4 36.f3 h5
37.Kg3 h4+ 38.Kf2 Rb2+ 39.Ke3 Rb4 40.Kf2 Kf8 41.Ke3 Ke8 42.Kd3 Kf8 43.Ke3 Kg8
44.Kd3 Kf8 45.Kc3 Rf4 46.Kd3 Rb4  1/2-1/2

[Event "5th Classic Open 2013"]
[Site "London ENG"]
[Date "2013.12.07"]
[Round "1.50"]
[White "Khatanbaatar,B"]
[Black "Schmitz,Ti"]
[Result "1-0"]
[WhiteElo "2329"]
[BlackElo "1909"]

1.e4 c5 2.Nf3 d6 3.Bb5+ Bd7 4.Bxd7+ Qxd7 5.O-O Nc6 6.c3 Nf6 7.Re1 e6 8.d3 Be7
9.Nbd2 O-O 10.Nf1 Rac8 11.Ng3 b5 12.a3 Rfd8 13.h3 Ne5 14.Bf4 Ng6 15.Be3 Qb7
16.Nd2 d5 17.Qe2 dxe4 18.dxe4 c4 19.Reb1 Bc5 20.Bg5 Qb6 21.Ndf1 Ne5 22.Rd1 Nd3
23.Be3 Bxe3 24.Nxe3 Qb7 25.Nef1 Qe7 26.b4 Rd7 27.a4 a6 28.axb5 axb5 29.Qe3 Rcd8
30.Ra5 Rb7 31.Nh2 h6 32.Nf3 Qc7 33.Rda1 Qf4 34.Qxf4 Nxf4 35.Nd4 Rdb8 36.Ra8 N6h5
37.Nxh5 Nxh5 38.Rxb8+ Rxb8 39.Ra5 Nf4 40.Rxb5 Rc8 41.h4 Rc7 42.g3 Nd3 43.f4 Rd7
44.Kf1 Kh7 45.Ke2 Nc1+ 46.Kd2 Nb3+ 47.Ke3 Kg6 48.h5+ Kh7 49.Rb8 Nxd4 50.cxd4 Rc7
51.Kd2 c3+ 52.Kc2 Rc4 53.d5 exd5 54.exd5 Rd4 55.Rb5 Rc4 56.d6 Rd4 57.Rb6 Kg8
58.Kxc3 Rd1 59.Kc4 f6 60.Kc5 Rc1+ 61.Kd5 Rd1+ 62.Ke6 Re1+ 63.Kf5 Rd1 64.Kg6  1-0